00498nam a2200145 4500001000700000003000900007005001700016007000300033008004100036100003600077245012000113260005400233300004300287852002200330107268ES-MaACL20250716063253.0t|061121s1915 xxu r ||||1| eng d1 aMorley, S. Griswold,d1878-197010aBureau of american ethnology b: an introduction to the study of the maya hieroglyphs / cSilvanus Griswold Morley. aWashington : bGoverment Printing Office, c1915. aXVI, 284 p., lám. : bil. ; c24 cm. aES-MaACLjG-15409